Pilotes de F1 qui ont roulé chez Renault - Mort Subite - Statistiques

Statistiques générales
  • Ce quiz a été pris 267 fois
  • Le résultat moyen est 7 sur 17
Answers on the Grid
Answers color-coded by a green-red scale on the quiz's grid according to % correct below.
Nico Hulkenberg
Carlos Sainz Jr.
Vitaly Petrov
Fernando Alonso
Jarno Trulli
Jacques Villeneuve
Esteban Ocon
Robert Kubica
Jenson Button
Daniel Ricciardo
Jean-Pierre Jabouille
Kévin Magnussen
Nelsinho Piquet
Franco Colapinto
Jack Doohan
Oscar Piastri
Joylon Palmer
Bruno Senna
Mick Schumacher
Esteban Gutierrez
Charles Leclerc
Antonio Giovinazzi
Jean Alesi
René Arnoux
Giancarlo Baghetti
Danill Kvyat
Oliver Bearman
Yuki Tsunoda
François Hesnault
Artem Markelov
 
Statistiques - réponses
Réponse % Correct
Fernando Alonso
69%
Esteban Ocon
65%
Daniel Ricciardo
63%
Carlos Sainz Jr.
58%
Nico Hulkenberg
54%
Jarno Trulli
37%
Kévin Magnussen
36%
Nelsinho Piquet
36%
Jean-Pierre Jabouille
35%
René Arnoux
34%
Robert Kubica
33%
Vitaly Petrov
33%
Joylon Palmer
32%
Jacques Villeneuve
27%
Bruno Senna
21%
François Hesnault
20%
Jenson Button
20%
Aucun quiz correspondant
Distribution des résultats
% des personnes avec chaque résultat
Percentile par nombre de réponses
Votre historique - résultats
Vous n’avez pas pris ce quiz